Preliminary report on the operations of the fuel-testing plant of the United States Geological survey at St. Louis, Mo., 1905. / (Record no. 24473)

MARC details
000 -LEADER
fixed length control field 01586cam a22003251i 4500
001 - CONTROL NUMBER
control field gs 06000776
003 - CONTROL NUMBER IDENTIFIER
control field DLC
005 - DATE AND TIME OF LATEST TRANSACTION
control field 20260227111304.0
008 - FIXED-LENGTH DATA ELEMENTS--GENERAL INFORMATION
fixed length control field 790302s1906 dcu f001 0 eng
010 ## - LIBRARY OF CONGRESS CONTROL NUMBER
LC control number gs 06000776
035 ## - SYSTEM CONTROL NUMBER
System control number (OCoLC)4707760
040 ## - CATALOGING SOURCE
Original cataloging agency DLC
Transcribing agency ICharE
Modifying agency OCoLC
-- DLC
042 ## - AUTHENTICATION CODE
Authentication code premarc
043 ## - GEOGRAPHIC AREA CODE
Geographic area code n-us-mo
050 00 - LIBRARY OF CONGRESS CALL NUMBER
Classification number TP328
Item number .A5 1906b
110 2# - MAIN ENTRY--CORPORATE NAME
Corporate name or jurisdiction name as entry element Geological Survey (U.S.)
245 10 - TITLE STATEMENT
Title Preliminary report on the operations of the fuel-testing plant of the United States Geological survey at St. Louis, Mo., 1905. /
Statement of responsibility, etc. Joseph A. Holmes in charge.
260 ## - PUBLICATION, DISTRIBUTION, ETC.
Place of publication, distribution, etc. Washington :
Name of publisher, distributor, etc. Govt. Print. Off.,
Date of publication, distribution, etc. 1906.
300 ## - PHYSICAL DESCRIPTION
Extent 240, iv p. ;
Dimensions 24 cm.
490 1# - SERIES STATEMENT
Series statement U.S. Geological survey. Bulletin
Volume/sequential designation no. 290
500 ## - GENERAL NOTE
General note Subject series: A, Economic geology, 79; E, Chemistry and physics, 48.
500 ## - GENERAL NOTE
General note Issued also as House doc. no. 838, 59th Cong., 1st sess.
500 ## - GENERAL NOTE
General note "Literature relating to peat and its utilization" : p. 11-15.
500 ## - GENERAL NOTE
General note "Partial bibliography of briquetting" : p. 48-52.
500 ## - GENERAL NOTE
General note Contents.- Introduction, by J. A. Holmes.- Field work, by E. W. Parker and J. Shober Burrows.- Work of the chemical laboratory, by N. W. Lord.- Washing tests, by John D. Wick.- Steaming tests, by L. P. Breckenridge.-Producer-gas tests, by Robert H. Fernald.- Coking tests, by A. W. Belden.-Briquetting tests, by J. A. Holmes.- Detailed report of tests.
500 ## - GENERAL NOTE
General note Includes index.
650 #0 - SUBJECT ADDED ENTRY--TOPICAL TERM
Topical term or geographic name entry element Coal
General subdivision Testing.
700 1# - ADDED ENTRY--PERSONAL NAME
Personal name Holmes, J. A.
Fuller form of name (Joseph Austin),
Dates associated with a name 1859-1915.
810 2# - SERIES ADDED ENTRY--CORPORATE NAME
Corporate name or jurisdiction name as entry element Geological Survey (U.S.).
Title of a work Bulletin ;
Volume/sequential designation no. 290.

No items available.

Powered by Koha